000 01690nam a2200385 c 4500
003 BLK
005 20250520094541.0
008 180410b bul|||||r ||||||| ||bul||
010 _aKNG00157951000
020 _a978-619-152-092-3
_bиздат.: Изток-Запад
040 _aBLK
041 _aBUL
_cBUL
072 7 _2bullib
_aН15
_xПсихология Н
080 _aИндивидуална психология. Психология на личността. Индивидуалност. Психология на характера. Характерология. Психологическа типология
_b159.923
_x
_z159.923
080 _aСоциално поведение. Социална психология
_b316.6
_x
_z316.6
100 1 _aКарастоянов, Георги Стоянов
_eпърви автор
_9370133
139 _aКарастоянов, Георги Стоянов
_bК 36
245 1 0 _aПсихология на преднамереното влияние
_cГеорги Стоянов Карастоянов.
257 _aBGR
260 София
_bИзток-Запад
_c2012
300 _a328 с.
_c23 см
380 _a1
650 4 _aЛичност - психология
_9243160
650 4 _aИндивидуализъм
_9157191
653 _aпсихология на личността
653 _aманипулации
653 _aповеденческа психология
659 _aН
852 _aЦб 263809
856 4 _qpdf
_u
856 4 _qpdf
_u
942 _cKNG
_n0
_01
944 _aCR
_c17.03.2014
_k30560
_lГеновева Генчева
944 _aED
_c10.10.2014
_k
999 _c151547
_d151547